[Event "DEM U10w 2020"]
[Site "Willingen GER"]
[Date "2020.10.30"]
[Round "5"]
[White "Halas, Neele Zoe"]
[Black "Stepanjan, Tatevik Mia"]
[Result "1/2-1/2"]
[Termination "normal"]
[Board "9"]
[WhiteElo "1295"]
[BlackElo "1030"]
[WhiteClock "00:05:36"]
[BlackClock "01:03:41"]
[PlyCount "93"]
[WhiteFideId "16287282"]
[BlackFideId "16246128"]
[EventCountry "GER"]
[EventRounds "7"]
[EventType "swiss"]
[EventDate "2020.10.26"]

1. e4 {[%clk 1:15:58]} c5 {[%clk 1:15:51]} 2. Nf3 {[%clk 1:16:24]} Nc6 {[%clk
1:16:08]} 3. d4 {[%clk 1:16:42]} e6 {[%clk 1:16:08]} 4. Be3 {[%clk 1:14:45]} d6
{[%clk 1:15:41]} 5. dxc5 {[%clk 1:10:13]} dxc5 {[%clk 1:15:49]} 6. Qxd8+ {[%clk
1:10:17]} Nxd8 {[%clk 1:16:14]} 7. c4 {[%clk 1:08:50]} Nf6 {[%clk 1:16:22]} 8.
Nc3 {[%clk 1:04:06]} Be7 {[%clk 1:15:56]} 9. h3 {[%clk 1:02:07]} b6 {[%clk
1:16:04]} 10. O-O-O {[%clk 1:00:22]} Bb7 {[%clk 1:16:08]} 11. Bd3 {[%clk
0:57:43]} O-O {[%clk 1:16:21]} 12. g4 {[%clk 0:56:02]} h6 {[%clk 1:16:17]} 13.
Rhg1 {[%clk 0:55:10]} Nc6 {[%clk 1:16:12]} 14. Nd2 {[%clk 0:53:00]} Rad8 {[%clk
1:16:08]} 15. Bc2 {[%clk 0:52:21]} Nd4 {[%clk 1:14:56]} 16. e5 {[%clk 0:50:42]}
Nd7 {[%clk 1:13:45]} 17. f4 {[%clk 0:50:14]} a5 {[%clk 1:13:09]} 18. Bxd4
{[%clk 0:50:00]} cxd4 {[%clk 1:13:28]} 19. Nb5 {[%clk 0:48:01]} Nc5 {[%clk
1:12:47]} 20. Bb1 {[%clk 0:40:08]} Bc6 {[%clk 1:10:24]} 21. Nf1 {[%clk
0:37:16]} Bxb5 {[%clk 1:10:21]} 22. cxb5 {[%clk 0:37:12]} Rc8 {[%clk 1:10:31]}
23. Kd2 {[%clk 0:33:16]} Rfd8 {[%clk 1:10:03]} 24. Nh2 {[%clk 0:31:03]} d3
{[%clk 1:09:48]} 25. Rg2 {[%clk 0:25:35]} Rc7 {[%clk 1:09:45]} 26. Ke3 {[%clk
0:24:37]} Rcd7 {[%clk 1:09:59]} 27. Rgd2 {[%clk 0:22:31]} g5 {[%clk 1:08:12]}
28. Nf3 {[%clk 0:15:45]} f6 {[%clk 1:04:31]} 29. Bxd3 {[%clk 0:10:14]} fxe5
{[%clk 1:04:34]} 30. fxe5 {[%clk 0:10:17]} Rd5 {[%clk 1:03:08]} 31. Bc4 {[%clk
0:09:04]} Rxd2 {[%clk 1:02:43]} 32. Rxd2 Rxd2 {[%clk 1:02:31]} 33. Nxd2 {[%clk
0:09:30]} Kf7 {[%clk 1:02:32]} 34. Ne4 {[%clk 0:09:04]} Nxe4 {[%clk 1:02:38]}
35. Kxe4 {[%clk 0:09:25]} Bc5 {[%clk 1:02:50]} 36. Kd3 {[%clk 0:07:57]} Ke7
{[%clk 1:02:57]} 37. a3 {[%clk 0:04:09]} Kd7 {[%clk 1:03:05]} 38. a4 {[%clk
0:02:51]} Ke7 {[%clk 1:02:56]} 39. b3 {[%clk 0:02:51]} Kd7 {[%clk 1:02:47]} 40.
Ke4 {[%clk 0:03:04]} Ke7 {[%clk 1:03:04]} 41. Kd3 {[%clk 0:03:20]} Kf7 {[%clk
1:02:58]} 42. Ke4 {[%clk 0:03:42]} Ke7 {[%clk 1:02:31]} 43. Kd3 {[%clk
0:04:03]} Kd7 {[%clk 1:02:39]} 44. Ke4 {[%clk 0:04:24]} Ke7 {[%clk 1:02:58]}
45. Kd3 {[%clk 0:04:45]} Kd7 {[%clk 1:03:19]} 46. Ke4 {[%clk 0:05:11]} Ke7
{[%clk 1:03:41]} 47. Kd3 {[%clk 0:05:36]} 1/2-1/2

[Event "DEM U10w 2020"]
[Site "Willingen GER"]
[Date "2020.10.30"]
[Round "5"]
[White "Becker, Hanna Charlotte"]
[Black "Le, Thao-Linh"]
[Result "1-0"]
[Termination "normal"]
[Board "13"]
[WhiteElo "853"]
[BlackElo "1121"]
[WhiteClock "01:02:24"]
[BlackClock "00:50:30"]
[PlyCount "45"]
[WhiteFideId "34653538"]
[BlackFideId "16279131"]
[EventCountry "GER"]
[EventRounds "7"]
[EventType "swiss"]
[EventDate "2020.10.26"]

1. d4 {[%clk 1:15:58]} d5 {[%clk 1:14:34]} 2. c4 {[%clk 1:16:14]} Nc6 {[%clk
1:13:15]} 3. cxd5 {[%clk 1:15:36]} Qxd5 {[%clk 1:10:03]} 4. Nf3 {[%clk
1:15:07]} e5 {[%clk 1:07:20]} 5. Nc3 {[%clk 1:14:34]} Bb4 {[%clk 1:07:34]} 6.
a3 {[%clk 1:13:59]} Bxc3+ {[%clk 1:06:54]} 7. bxc3 {[%clk 1:13:46]} Bg4 {[%clk
1:05:40]} 8. Be3 {[%clk 1:11:16]} Bxf3 {[%clk 1:01:29]} 9. exf3 {[%clk
1:10:48]} Nf6 {[%clk 1:00:38]} 10. dxe5 {[%clk 1:09:26]} Qxe5 {[%clk 1:00:24]}
11. Bb5 {[%clk 1:08:23]} Qxb5 {[%clk 0:58:48]} 12. Rb1 {[%clk 1:06:58]} Qe5
{[%clk 0:57:59]} 13. O-O {[%clk 1:05:14]} O-O {[%clk 0:56:53]} 14. Rxb7 {[%clk
1:05:17]} Rab8 {[%clk 0:55:50]} 15. Bd4 {[%clk 1:04:42]} Qd6 {[%clk 0:53:39]}
16. Rxb8 {[%clk 1:04:21]} Rxb8 {[%clk 0:53:53]} 17. Qa4 {[%clk 1:04:04]} Nxd4
{[%clk 0:53:05]} 18. cxd4 {[%clk 1:04:01]} Qb6 {[%clk 0:53:11]} 19. h3 {[%clk
1:04:03]} Rd8 {[%clk 0:52:05]} 20. Rd1 {[%clk 1:04:01]} Nd5 {[%clk 0:51:51]}
21. Rd3 {[%clk 1:02:13]} Nf4 {[%clk 0:51:31]} 22. Re3 {[%clk 1:02:06]} Rxd4
{[%clk 0:50:30]} 23. Re8# {[%clk 1:02:24]} 1-0

[Event "DEM U10w 2020"]
[Site "Willingen GER"]
[Date "2020.10.30"]
[Round "5"]
[White "Yan, Jenny"]
[Black "Wolf, Anna"]
[Result "1/2-1/2"]
[Termination "normal"]
[Board "15"]
[WhiteElo "952"]
[BlackElo "1098"]
[WhiteClock "00:46:17"]
[BlackClock "01:01:14"]
[PlyCount "168"]
[WhiteFideId "34630376"]
[BlackFideId "34616993"]
[EventCountry "GER"]
[EventRounds "7"]
[EventType "swiss"]
[EventDate "2020.10.26"]

1. e4 {[%clk 1:15:56]} e6 {[%clk 1:15:57]} 2. b3 {[%clk 1:15:58]} d5 {[%clk
1:16:14]} 3. Bb2 {[%clk 1:16:11]} Nc6 {[%clk 1:15:50]} 4. exd5 {[%clk 1:15:44]}
exd5 {[%clk 1:16:07]} 5. Nf3 {[%clk 1:14:57]} Bd6 {[%clk 1:16:06]} 6. Bxg7
{[%clk 1:14:36]} f6 {[%clk 1:15:28]} 7. Bxh8 {[%clk 1:14:30]} b6 {[%clk
1:15:20]} 8. Qe2+ {[%clk 1:14:11]} Qe7 {[%clk 1:15:27]} 9. Qxe7+ {[%clk
1:14:28]} Bxe7 {[%clk 1:15:40]} 10. Bb5 {[%clk 1:14:06]} Bb7 {[%clk 1:15:49]}
11. Nd4 {[%clk 1:13:13]} Kd7 {[%clk 1:15:40]} 12. Nc3 {[%clk 1:12:56]} Re8
{[%clk 1:15:55]} 13. O-O {[%clk 1:13:10]} Bc5 {[%clk 1:15:56]} 14. Nxc6 {[%clk
1:12:50]} Bxc6 {[%clk 1:16:09]} 15. Rae1 {[%clk 1:12:38]} Rf8 16. Bxc6+ Kxc6
{[%clk 1:15:07]} 17. Re6+ {[%clk 1:12:03]} Kd7 {[%clk 1:15:12]} 18. Rfe1 {[%clk
1:12:02]} Rf7 19. Nxd5 Be7 {[%clk 1:11:41]} 20. c4 {[%clk 1:09:46]} c6 {[%clk
1:11:19]} 21. Nb4 {[%clk 1:08:41]} Bxb4 {[%clk 1:11:04]} 22. R1e2 {[%clk
1:06:37]} Bd6 {[%clk 1:10:37]} 23. Re8 {[%clk 1:05:57]} Ne7 {[%clk 1:09:47]}
24. Ra8 {[%clk 1:05:24]} a5 {[%clk 1:10:06]} 25. Ra7+ {[%clk 1:04:16]} Kc8
{[%clk 1:10:24]} 26. Ra8+ {[%clk 1:02:15]} Bb8 {[%clk 1:10:38]} 27. Rxb8+
{[%clk 0:59:25]} Kxb8 {[%clk 1:10:55]} 28. Bxf6 {[%clk 0:59:33]} Nf5 {[%clk
1:10:44]} 29. Re8+ {[%clk 0:59:00]} Kc7 {[%clk 1:10:55]} 30. Bb2 {[%clk
0:58:30]} Nd6 {[%clk 1:09:43]} 31. Re2 {[%clk 0:58:08]} Nb7 {[%clk 1:08:23]}
32. h3 {[%clk 0:58:19]} Nc5 {[%clk 1:08:31]} 33. d4 {[%clk 0:58:03]} Na6 {[%clk
1:08:50]} 34. Re6 {[%clk 0:56:50]} Nb4 {[%clk 1:09:03]} 35. a4 {[%clk 0:55:49]}
Rd7 {[%clk 1:09:12]} 36. Rh6 {[%clk 0:55:12]} Nd3 {[%clk 1:08:56]} 37. Ba1
{[%clk 0:54:40]} Nc1 {[%clk 1:09:10]} 38. f4 {[%clk 0:54:08]} Nxb3 {[%clk
1:09:23]} 39. Bb2 {[%clk 0:54:16]} Nd2 {[%clk 1:09:36]} 40. c5 {[%clk 0:54:13]}
Kb7 {[%clk 1:09:20]} 41. cxb6 {[%clk 0:54:02]} Rf7 {[%clk 1:09:14]} 42. g3
{[%clk 0:53:28]} Ne4 {[%clk 1:09:03]} 43. Kg2 {[%clk 0:52:47]} Rg7 {[%clk
1:09:11]} 44. d5 {[%clk 0:51:42]} Rxg3+ {[%clk 1:09:14]} 45. Kh2 {[%clk
0:51:43]} cxd5 {[%clk 1:09:14]} 46. Rxh7+ {[%clk 0:51:23]} Kxb6 {[%clk
1:09:37]} 47. Re7 {[%clk 0:51:24]} Rb3 {[%clk 1:09:34]} 48. Bd4+ {[%clk
0:50:47]} Kc6 {[%clk 1:09:50]} 49. Ra7 {[%clk 0:49:32]} Rb4 {[%clk 1:07:27]}
50. Ra6+ {[%clk 0:47:52]} Kd7 {[%clk 1:07:08]} 51. Bb6 {[%clk 0:47:09]} Rxa4
{[%clk 1:06:47]} 52. Rxa5 {[%clk 0:47:06]} Rxa5 {[%clk 1:06:22]} 53. Bxa5
{[%clk 0:47:23]} d4 {[%clk 1:06:41]} 54. Kg2 {[%clk 0:47:39]} Ke6 {[%clk
1:06:49]} 55. Kf3 {[%clk 0:47:00]} Kf5 {[%clk 1:06:03]} 56. h4 {[%clk 0:46:49]}
Nc3 {[%clk 1:05:38]} 57. Bb6 {[%clk 0:45:55]} d3 {[%clk 1:04:47]} 58. Be3
{[%clk 0:46:07]} Nd5 59. Bd2 Ne7 {[%clk 1:03:59]} 60. h5 {[%clk 0:46:00]} Ng8
{[%clk 1:03:58]} 61. Bc1 {[%clk 0:45:31]} Nf6 {[%clk 1:04:02]} 62. h6 {[%clk
0:44:35]} Kg6 {[%clk 1:04:16]} 63. h7 {[%clk 0:44:43]} Nxh7 {[%clk 1:04:37]}
64. Ke4 {[%clk 0:44:41]} Nf6+ {[%clk 1:04:48]} 65. Ke5 {[%clk 0:44:19]} Ng4+
{[%clk 1:04:28]} 66. Ke4 {[%clk 0:44:21]} Kf6 {[%clk 1:04:38]} 67. Kxd3 {[%clk
0:44:03]} Kf5 {[%clk 1:04:53]} 68. Ke2 {[%clk 0:44:00]} Nh6 {[%clk 1:04:52]}
69. Kf3 {[%clk 0:44:18]} Ng8 70. Kg3 Nf6 {[%clk 1:04:40]} 71. Bb2 {[%clk
0:44:22]} Nd5 {[%clk 1:05:01]} 72. Be5 {[%clk 0:44:16]} Ne3 {[%clk 1:04:54]}
73. Kf3 {[%clk 0:44:29]} Nc4 {[%clk 1:05:07]} 74. Bb8 {[%clk 0:44:23]} Nd2+
{[%clk 1:05:14]} 75. Ke3 {[%clk 0:44:40]} Ne4 {[%clk 1:05:24]} 76. Kd4 {[%clk
0:44:56]} Ng3 {[%clk 1:05:40]} 77. Ke3 {[%clk 0:45:04]} Nh5 {[%clk 1:05:58]}
78. Kf3 {[%clk 0:45:24]} Ng7 {[%clk 1:00:24]} 79. Be5 {[%clk 0:45:21]} Ne6
{[%clk 1:00:38]} 80. Kg3 {[%clk 0:45:36]} Nf8 {[%clk 1:00:46]} 81. Bd6 {[%clk
0:45:44]} Ng6 {[%clk 1:01:02]} 82. Kf3 {[%clk 0:46:03]} Nh4+ {[%clk 1:01:14]}
83. Kg3 {[%clk 0:46:17]} Ng6 84. Kf3 Nxf4 1/2-1/2

[Event "DEM U10w 2020"]
[Site "Willingen GER"]
[Date "2020.10.30"]
[Round "5"]
[White "Mo, Keyou"]
[Black "Heidtkamp, Anna"]
[Result "1-0"]
[Termination "normal"]
[Board "19"]
[WhiteElo "950"]
[BlackElo "1078"]
[WhiteClock "01:12:45"]
[BlackClock "00:46:03"]
[PlyCount "89"]
[WhiteFideId "34623582"]
[BlackFideId "16269012"]
[EventCountry "GER"]
[EventRounds "7"]
[EventType "swiss"]
[EventDate "2020.10.26"]

1. e4 {[%clk 1:15:57]} e5 {[%clk 1:15:55]} 2. Nf3 {[%clk 1:16:24]} Nc6 {[%clk
1:16:20]} 3. Bc4 {[%clk 1:16:50]} Bc5 {[%clk 1:16:41]} 4. O-O {[%clk 1:17:13]}
d6 {[%clk 1:17:05]} 5. d4 {[%clk 1:17:34]} exd4 {[%clk 1:16:54]} 6. c3 {[%clk
1:17:52]} dxc3 {[%clk 1:17:02]} 7. Nxc3 {[%clk 1:18:13]} Nf6 {[%clk 1:17:16]}
8. Re1 {[%clk 1:16:55]} Qe7 {[%clk 1:16:30]} 9. Nd5 {[%clk 1:15:50]} Qe6 {[%clk
1:16:03]} 10. Nxc7+ {[%clk 1:16:09]} Ke7 {[%clk 1:15:56]} 11. Bxe6 {[%clk
1:16:32]} Bxe6 {[%clk 1:16:15]} 12. Nxa8 {[%clk 1:16:50]} Rxa8 {[%clk 1:16:33]}
13. Be3 {[%clk 1:16:42]} Nxe4 {[%clk 1:16:27]} 14. Bg5+ {[%clk 1:16:19]} Nxg5
{[%clk 1:16:28]} 15. Nxg5 {[%clk 1:16:42]} h6 {[%clk 1:16:32]} 16. Nxe6 {[%clk
1:16:06]} fxe6 {[%clk 1:16:45]} 17. Qb3 {[%clk 1:16:08]} Kd7 {[%clk 1:13:26]}
18. Qxb7+ {[%clk 1:16:26]} Ke8 {[%clk 1:12:35]} 19. Rxe6+ {[%clk 1:16:37]} Kf8
{[%clk 1:09:32]} 20. Qxc6 {[%clk 1:15:52]} Rb8 {[%clk 1:08:05]} 21. g3 {[%clk
1:15:40]} Kg8 {[%clk 1:05:11]} 22. Rae1 {[%clk 1:13:10]} Kh7 {[%clk 0:59:48]}
23. R1e4 {[%clk 1:12:59]} Rb6 {[%clk 0:57:35]} 24. Qd7 {[%clk 1:12:58]} Rb8
{[%clk 0:56:23]} 25. Rg4 {[%clk 1:13:09]} Rg8 {[%clk 0:56:23]} 26. Reg6 {[%clk
1:13:17]} Bd4 {[%clk 0:54:36]} 27. b3 {[%clk 1:13:07]} Bc3 {[%clk 0:54:36]} 28.
Kf1 {[%clk 1:13:06]} Bd4 29. Qxd6 {[%clk 1:13:25]} Ba1 {[%clk 0:52:23]} 30. b4
{[%clk 1:13:03]} Bb2 {[%clk 0:50:16]} 31. Qc7 a6 {[%clk 0:50:02]} 32. f4 {[%clk
1:12:18]} Ba1 {[%clk 0:46:57]} 33. f5 {[%clk 1:11:47]} Kh8 {[%clk 0:46:50]} 34.
f6 {[%clk 1:12:08]} Bxf6 {[%clk 0:46:51]} 35. a4 {[%clk 1:11:09]} Ba1 {[%clk
0:46:51]} 36. b5 {[%clk 1:11:33]} axb5 {[%clk 0:47:14]} 37. axb5 {[%clk
1:11:59]} Rf8+ {[%clk 0:47:11]} 38. Kg2 {[%clk 1:12:10]} Rg8 {[%clk 0:45:52]}
39. b6 {[%clk 1:12:23]} Bb2 {[%clk 0:45:47]} 40. b7 {[%clk 1:12:42]} Ba1 {[%clk
0:46:04]} 41. b8=Q Rxb8 42. Rxg7 {[%clk 1:12:20]} Rb2+ {[%clk 0:46:00]} 43. Kh3
{[%clk 1:12:35]} Rd2 {[%clk 0:45:50]} 44. Qc8+ {[%clk 1:12:45]} Rd8 {[%clk
0:46:03]} 45. Qxd8# 1-0

[Event "DEM U10w 2020"]
[Site "Willingen GER"]
[Date "2020.10.30"]
[Round "6"]
[White "Tu, Audrey"]
[Black "Margaryan, Mari"]
[Result "1-0"]
[Termination "normal"]
[Board "21"]
[WhiteElo "754"]
[BlackElo "690"]
[WhiteClock "01:16:42"]
[BlackClock "01:16:02"]
[PlyCount "83"]
[WhiteFideId "34628568"]
[BlackFideId "16279700"]
[EventCountry "GER"]
[EventRounds "7"]
[EventType "swiss"]
[EventDate "2020.10.26"]

1. e4 {[%clk 1:15:59]} e5 {[%clk 1:15:47]} 2. Nf3 {[%clk 1:16:22]} Nc6 {[%clk
1:16:02]} 3. Nc3 {[%clk 1:16:42]} Nf6 {[%clk 1:16:02]} 4. Bc4 {[%clk 1:16:42]}
Nxe4 {[%clk 1:16:02]} 5. Nxe4 {[%clk 1:16:42]} d5 {[%clk 1:16:02]} 6. Bxd5
{[%clk 1:16:42]} Qxd5 {[%clk 1:16:02]} 7. d3 {[%clk 1:16:42]} Bb4+ {[%clk
1:16:02]} 8. c3 {[%clk 1:16:42]} Ba5 {[%clk 1:16:02]} 9. b4 {[%clk 1:16:42]}
Bb6 {[%clk 1:16:02]} 10. c4 {[%clk 1:16:42]} Qe6 {[%clk 1:16:02]} 11. Neg5
{[%clk 1:16:42]} Qd7 {[%clk 1:16:02]} 12. h3 {[%clk 1:16:42]} Nxb4 {[%clk
1:16:02]} 13. O-O {[%clk 1:16:42]} Nxd3 {[%clk 1:16:02]} 14. Be3 {[%clk
1:16:42]} Qc6 {[%clk 1:16:02]} 15. Qxd3 {[%clk 1:16:42]} h6 {[%clk 1:16:02]}
16. Ne4 {[%clk 1:16:42]} O-O {[%clk 1:16:02]} 17. Nxe5 {[%clk 1:16:42]} f6
{[%clk 1:16:02]} 18. Nxc6 {[%clk 1:16:42]} bxc6 {[%clk 1:16:02]} 19. Bf4 {[%clk
1:16:42]} Bf5 {[%clk 1:16:02]} 20. g4 {[%clk 1:16:42]} Bg6 {[%clk 1:16:02]} 21.
Qe2 {[%clk 1:16:42]} Rfe8 {[%clk 1:16:02]} 22. Qf3 {[%clk 1:16:42]} Bxe4 {[%clk
1:16:02]} 23. Qg3 {[%clk 1:16:42]} Bd4 {[%clk 1:16:02]} 24. Rad1 {[%clk
1:16:42]} Bc5 {[%clk 1:16:02]} 25. Kh2 {[%clk 1:16:42]} Rab8 {[%clk 1:16:02]}
26. f3 {[%clk 1:16:42]} Bg6 {[%clk 1:16:02]} 27. Bxc7 {[%clk 1:16:42]} Rb2+
{[%clk 1:16:02]} 28. Kh1 {[%clk 1:16:42]} Rxa2 {[%clk 1:16:02]} 29. h4 {[%clk
1:16:42]} Bf7 {[%clk 1:16:02]} 30. Bf4 {[%clk 1:16:42]} Bxc4 {[%clk 1:16:02]}
31. Rfe1 {[%clk 1:16:42]} Kf8 {[%clk 1:16:02]} 32. Rxe8+ {[%clk 1:16:42]} Kxe8
{[%clk 1:16:02]} 33. Bd6 {[%clk 1:16:42]} Bb6 {[%clk 1:16:02]} 34. g5 {[%clk
1:16:42]} f5 {[%clk 1:16:02]} 35. Qe5+ {[%clk 1:16:42]} Kd8 {[%clk 1:16:02]}
36. Qe7+ {[%clk 1:16:42]} Kc8 {[%clk 1:16:02]} 37. Qf8+ {[%clk 1:16:42]} Kb7
{[%clk 1:16:02]} 38. Qb8+ {[%clk 1:16:42]} Ka6 {[%clk 1:16:02]} 39. Rb1 {[%clk
1:16:42]} hxg5 {[%clk 1:16:02]} 40. Bc7 {[%clk 1:16:42]} gxh4 {[%clk 1:16:02]}
41. Bxb6 {[%clk 1:16:42]} axb6 {[%clk 1:16:02]} 42. Qxb6# {[%clk 1:16:42]} 1-0

[Event "DEM U10w 2020"]
[Site "Willingen GER"]
[Date "2020.10.31"]
[Round "7"]
[White "Mo, Keyou"]
[Black "Peglau, Lorena"]
[Result "0-1"]
[Termination "normal"]
[Board "19"]
[WhiteElo "950"]
[BlackElo "1061"]
[WhiteClock "00:50:21"]
[BlackClock "01:19:30"]
[PlyCount "92"]
[WhiteFideId "34623582"]
[BlackFideId "16290542"]
[EventCountry "GER"]
[EventRounds "7"]
[EventType "swiss"]
[EventDate "2020.10.26"]

1. e4 {[%clk 1:15:58]} c6 {[%clk 1:15:50]} 2. d4 {[%clk 1:16:24]} d5 {[%clk
1:16:09]} 3. exd5 {[%clk 1:16:49]} cxd5 {[%clk 1:16:25]} 4. Nf3 {[%clk
1:17:09]} Nc6 {[%clk 1:16:38]} 5. c4 {[%clk 1:17:21]} Nf6 {[%clk 1:16:48]} 6.
Nc3 {[%clk 1:17:42]} Bg4 {[%clk 1:16:52]} 7. Be3 {[%clk 1:17:57]} e6 {[%clk
1:16:55]} 8. h3 {[%clk 1:17:46]} Bh5 {[%clk 1:16:56]} 9. Be2 {[%clk 1:17:49]}
Qb6 {[%clk 1:16:49]} 10. b3 {[%clk 1:16:18]} dxc4 {[%clk 1:16:42]} 11. bxc4
{[%clk 1:15:51]} Bb4 {[%clk 1:16:45]} 12. Qd2 {[%clk 1:14:03]} Ne4 {[%clk
1:16:46]} 13. Qc2 {[%clk 1:12:42]} Bxc3+ {[%clk 1:16:51]} 14. Bd2 {[%clk
1:12:55]} Bxa1 {[%clk 1:17:09]} 15. O-O {[%clk 1:11:05]} Bxd4 {[%clk 1:17:16]}
16. Qxe4 {[%clk 1:11:09]} Bf6 {[%clk 1:16:20]} 17. Rb1 {[%clk 1:09:07]} Qc7
{[%clk 1:16:09]} 18. Bf4 {[%clk 1:08:50]} Bg6 {[%clk 1:15:57]} 19. Bxc7 {[%clk
1:07:09]} Bxe4 {[%clk 1:16:19]} 20. Rxb7 {[%clk 1:07:26]} O-O {[%clk 1:15:58]}
21. Bd6 {[%clk 1:06:19]} Rfd8 {[%clk 1:16:07]} 22. Bc7 {[%clk 1:06:23]} Rd7
{[%clk 1:15:56]} 23. h4 Rc8 {[%clk 1:15:56]} 24. Ng5 {[%clk 0:57:50]} Rdxc7
{[%clk 1:15:54]} 25. Rxc7 {[%clk 0:58:08]} Rxc7 {[%clk 1:15:54]} 26. Nxe4
{[%clk 0:58:08]} Be5 {[%clk 1:15:54]} 27. g3 {[%clk 0:58:08]} Nd4 {[%clk
1:15:54]} 28. Bg4 {[%clk 0:53:28]} Rxc4 {[%clk 1:16:01]} 29. Nd2 {[%clk
0:53:14]} Rc1+ {[%clk 1:16:01]} 30. Kg2 {[%clk 0:51:07]} Rc2 {[%clk 1:16:46]}
31. Nb3 {[%clk 0:49:35]} Nxb3 {[%clk 1:16:46]} 32. axb3 {[%clk 0:48:56]} Bd4
{[%clk 1:17:19]} 33. Kf3 {[%clk 0:48:56]} Rxf2+ {[%clk 1:17:19]} 34. Ke4 Bb6
35. b4 {[%clk 0:48:39]} f5+ {[%clk 1:17:35]} 36. Ke5 {[%clk 0:48:34]} fxg4
{[%clk 1:17:38]} 37. Kxe6 {[%clk 0:48:51]} Rb2 {[%clk 1:17:40]} 38. Kf5 {[%clk
0:48:59]} Rxb4 {[%clk 1:17:49]} 39. h5 {[%clk 0:49:08]} a5 {[%clk 1:18:06]} 40.
Kg5 {[%clk 0:49:26]} a4 {[%clk 1:18:26]} 41. h6 {[%clk 0:49:47]} a3 {[%clk
1:18:45]} 42. hxg7 {[%clk 0:49:26]} a2 {[%clk 1:18:55]} 43. Kf5 {[%clk
0:49:32]} a1=Q {[%clk 1:19:12]} 44. Kg5 {[%clk 0:49:51]} Qxg7+ {[%clk 1:19:25]}
45. Kh5 {[%clk 0:50:06]} Rb5+ {[%clk 1:19:30]} 46. Kh4 {[%clk 0:50:21]} Qh6+
0-1